Kárász utca 16-os számú épületet a tér felől már állványok takarják
Elmentve itt :
| Szerző: | |
|---|---|
| Dokumentumtípus: | Cikk |
| Megjelent: |
1978-01-19
|
| Sorozat: | Délmagyarország
68 No. 16 |
| Kulcsszavak: | lakásépítések, felújítások |
| Online Access: | http://dmarchiv.bibl.u-szeged.hu/105516 |
| LEADER | 00526nab a2200157 i 4500 | ||
|---|---|---|---|
| 001 | delm105516 | ||
| 005 | 20190520121746.0 | ||
| 008 | 190520s1978 hu o 0|| hun d | ||
| 040 | |a SZTE Délmagyarország Archívum |b hun | ||
| 041 | |a hun | ||
| 100 | 1 | |a Somogyi Károlyné | |
| 245 | 1 | 0 | |a Kárász utca 16-os számú épületet a tér felől már állványok takarják |h [elektronikus dokumentum] / |c Somogyi Károlyné |
| 260 | |c 1978-01-19 | ||
| 300 | |a 3 | ||
| 490 | 0 | |a Délmagyarország |v 68 No. 16 | |
| 695 | |a lakásépítések, felújítások | ||